000 00420nam a2200181Ia 4500
001 8302
005 20260306160559.0
008 260306t1997||||xx |||||||||||||| ||spa||
041 _aESP
082 _a370.1523
_bS29
100 _aSchunk, Dale H.
_eAUT
245 0 _aTeorías del aprendizaje
260 _c1997
300 _ax, 512 páginas :
_c23 cm.
650 _aGEN
654 _aCED
942 _cLIB
_dJUS
_fJUS
_2ddc
_n
999 _c8302
_d8302